| 000 | 00608nam a2200193 i 4500 | ||
|---|---|---|---|
| 001 | bgj | ||
| 100 | 1 | _aSPANGLER, Mary S. | |
| 245 | 1 | 0 |
_aStrategies and Structures : _ba basic writing guide / _cMary S. Spangler ; Rita R. Werner. |
| 260 |
_aNew York [etc.] : _bHolt, Rinehart and Winston, _cc. 1989. |
||
| 300 |
_aXIII, 433 pp ; _c24 cm. |
||
| 505 | _aIncludes glossary of writing terms and index. | ||
| 650 | 9 |
_aEnglish language _xRhetoric |
|
| 020 | _a0030216079 (pbk) | ||
| 040 | _cBPK | ||
| 041 | 0 | _aeng | |
| 920 | _a0-03-021607-9 (pbk) | ||
| 942 | _cKS | ||
| 008 | s uk f |000 0 eng | ||
| 999 |
_c48202 _d48202 |
||
| 856 |
_uhttp://koha.tu.koszalin.pl/cgi-bin/koha/opac-detail.pl?biblionumber=48202 _yKatalog online BPK |
||